| 000 | 00538nam a22001937a 4500 | ||
|---|---|---|---|
| 005 | 20220715155945.0 | ||
| 008 | 220715b ||||| |||| 00| 0 eng d | ||
| 040 | _cAL | ||
| 041 | _aEnglish | ||
| 082 |
_223 _a330.951 _bGURW |
||
| 100 |
_aMohan Guruswamy and others _950122 |
||
| 245 | _aWill India Catch up with China? | ||
| 260 |
_bNew Delhi _aCentre for policy alternatives _c2003 |
||
| 300 |
_a31 p. _bPB _c21x13 cm. |
||
| 650 |
_aIndia _950123 |
||
| 650 |
_aChina _950124 |
||
| 700 |
_aGURUSWAMY (Mohan) _950125 |
||
| 942 |
_2ddc _cGF |
||
| 999 |
_c223843 _d223843 |
||